Statistics for Premier League Factfile: Bolton Wanderers

Click here to take the quiz!

General Stats

  • This quiz has been taken 43 times
  • The average score is 11 of 52

Answer Stats

Answer% Correct
Sam Allardyce
90%
Kevin Nolan
73%
Kevin Davies
70%
Jay-Jay Okocha
67%
Gary Megson
63%
Owen Coyle
63%
Sammy Lee
53%
Nicolas Anelka
50%
Johan Elmander
40%
Jussi Jääskeläinen
40%
Jimmy Phillips
37%
Gary Cahill
33%
Youri Djorkaeff
30%
Colin Todd
27%
Gary Speed
23%
Stelios Giannakopoulos
23%
Fabrice Muamba
23%
Michael Ricketts
23%
El Hadji Diouf
17%
Jason McAteer
17%
Henrik Pedersen
17%
David Wheater
17%
Matthew Taylor
17%
Per Frandsen
13%
John McGinlay
13%
Guðni Bergsson
13%
Zat Knight
13%
Ivan Klasnić
13%
Saša Ćurčić
10%
Bruno N'Gotty
10%
Alan Stubbs
10%
Radhi Jaidi
10%
David Holdsworth
7%
Dean Holdsworth
7%
David N'Gog
7%
Jlloyd Samuel
7%
Nathan Blake
3%
Chris Evans
3%
Nigel Reo-Coker
3%
Roy MacFarland
3%
Kangana N'Diwa
0%
Delroy Facey
0%
Florent Laville
0%
Bülent Akin
0%
Martin Djetou
0%
Simon Charlton
0%
Gerry Taggart
0%
Steve Wigley
0%
Blerim Dzemaili
0%
Matt Glennon
0%
Chris Basham
0%
Jonathan Walters
0%

Score Distribution

Percentile by Number Answered

Percent of People with Each Score

Your Score History

You have not taken this quiz